Ein Pre-||digt von den || Engeln. || Mart. Luth. || Wittemberg. || 1535.||

Сохранить в:  
Библиографические подробности
Главный автор: Luther, Martin (Автор)
Формат: Print
Язык:Неопределённый язык
Слжба доставки Subito: Заказать сейчас.
Проверить наличие: HBZ Gateway
Interlibrary Loan:Interlibrary Loan for the Fachinformationsdienste (Specialized Information Services in Germany)
Опубликовано: Wittenberg (Lufft, Hans) 1535
В:Год: 1535
Sammlungen:

MARC

LEADER 00000cam a22000002c 4500
001 096565764
003 DE-627
005 20250923172226.0
007 tu
008 060730s1535 xx ||||| 00| ||und c
035 |a (DE-627)096565764 
035 |a (DE-576)9096565762 
035 |a (DE-599)GBV096565764 
040 |a DE-627  |b ger  |c DE-627  |e rakwb 
084 |a 1  |2 ssgn 
100 1 |a Luther, Martin  |4 aut 
109 |a Luther, Martin  |a Luther, Martinus  |a Lutherus, Martinus  |a Lutter, Martinus 
245 1 4 |a Ein Pre-||digt von den || Engeln. || Mart. Luth. || Wittemberg. || 1535.||  |c Martin Luther 
246 3 0 |a Predigt 
264 1 |a Wittenberg  |b (Lufft, Hans)  |c 1535 
300 |a [10] Bl.  |c 4 ̜ 
336 |a Text  |b txt  |2 rdacontent 
337 |a ohne Hilfsmittel zu benutzen  |b n  |2 rdamedia 
338 |a Band  |b nc  |2 rdacarrier 
510 3 |a VD16 L 5731. - Benzing 2959; WA 32, LVIII D 
935 |a RFBW  |a mteo 
935 |e VD16 L 5731. - Benzing 2959; WA 32, LVIII D 
935 |i VD16Wb2 
951 |a BO 
ELC |b 1 
LOK |0 000 xxxxxcx a22 zn 4500 
LOK |0 001 4521314694 
LOK |0 003 DE-627 
LOK |0 004 096565764 
LOK |0 005 20240507142918 
LOK |0 008 240507||||||||||||||||ger||||||| 
LOK |0 040   |a DE-Tue135  |c DE-627  |d DE-Tue135 
LOK |0 092   |o n 
LOK |0 852   |a DE-Tue135 
LOK |0 852 1  |9 00 
LOK |0 866   |x SPQUE#Reformationsgeschichtliche Forschungsbibliothek Wittenberg#SPSAM#Lutherhaus#SPUSM#Sammlung Knaake 
LOK |0 866   |x SPQUE#Reformationsgeschichtliche Forschungsbibliothek Wittenberg#SPSAM#Lutherhaus#SPUSM#Augustinsche Sammlung 
LOK |0 935   |a RFBW  |a lglu  |a lgsk  |a lgau 
LOK |0 939   |a 07-05-24  |b l01 
ORI |a SA-MARC-ixtheoa001.raw